Latin Vocab A-Z Quiz - Statistics

General Stats
  • This quiz has been taken 38 times
  • The average score is 14 of 26
Answer Stats
Word Answer % Correct
octo eight
100%
equus horse
94%
nomen name
92%
sanguis blood
89%
regina queen
89%
bellum war
86%
zebra zebra
81%
urbs city
78%
ambulo walk
78%
mons mountain
75%
gladius sword
75%
caelum sky
64%
donum gift
61%
terra ground
58%
verus true
47%
laetus happy
44%
parvus small
44%
hortus garden
42%
ferox fierce
33%
incendo burn
31%
kalium potassium
31%
quaero ask
25%
xenodochium inn
8%
jaculum dart
3%
yconia image
0%
wadda toad
0%
No matching quizzes found
Score Distribution
Percent of People with Each Score
Percentile by Number Answered
Your Score History
You have not taken this quiz